[Event "Niedersachsen-ch op-B"]
[Site "Verden"]
[Date "2016.01.05"]
[Round "5"]
[White "Lamottke, Svenja"]
[Black "Lamottke, Nils"]
[Result "1-0"]
[WhiteElo "1485"]
[BlackElo "1531"]
[PlyCount "59"]
[EventDate "2016.01.03"]
[EventType "swiss"]
[EventRounds "7"]
[EventCountry "GER"]
[SourceTitle "EXT 2018"]
[Source "ChessBase"]
[SourceDate "2017.10.13"]
[SourceVersion "1"]
[SourceVersionDate "2017.10.13"]
[SourceQuality "1"]

1. e4 c5 2. Nf3 Nc6 3. d4 cxd4 4. Nxd4 g6 5. Nc3 Bg7 6. Be3 Nf6 7. Bc4 d6 8. f3 Bd7 9. Bb3 Rc8 10. Qd2 0-0 11. 0-0-0 Ne5 12. g4 Nc4 13. Bxc4 Rxc4 14. Nde2 b5 15. Nd5 Nxd5 16. exd5 Qc8 17. b3 Qa6 18. Kb1 Qa3 19. Bd4 Bxd4 20. Nxd4 Rc5 21. Ne2 Rfc8 22. Rc1 a5 23. h4 b4 24. h5 a4 25. hxg6 axb3 26. gxf7+ Kh8 27. Rxh7+ Kxh7 28. Rh1+ Kg7 29. Qg5+ Kxf7 30. Rh7+ 1-0

[Event "Niedersachsen-ch op-B"]
[Site "Verden"]
[Date "2016.01.04"]
[Round "3"]
[White "Lamottke, Svenja"]
[Black "Bilau, Max"]
[Result "1/2-1/2"]
[WhiteElo "1485"]
[BlackElo "1465"]
[PlyCount "81"]
[EventDate "2016.01.03"]
[EventType "swiss"]
[EventRounds "7"]
[EventCountry "GER"]
[SourceTitle "EXT 2018"]
[Source "ChessBase"]
[SourceDate "2017.10.13"]
[SourceVersion "1"]
[SourceVersionDate "2017.10.13"]
[SourceQuality "1"]

1. e4 e6 2. d4 c5 3. Nf3 cxd4 4. Nxd4 Nc6 5. Nc3 Bb4 6. Nde2 Nge7 7. a3 Ba5 8. b4 Bb6 9. g3 0-0 10. Bg2 Ng6 11. 0-0 a6 12. Nf4 Nxf4 13. Bxf4 Bd4 14. Bd2 Qc7 15. Rc1 b5 16. Rb1 Bb7 17. Ne2 Be5 18. Bf4 Rfd8 19. Re1 Rac8 20. Rc1 Ne7 21. Bxe5 Qxe5 22. f4 Qc7 23. Qd3 f6 24. Qb3 Qc4 25. Qd3 d5 26. Nd4 e5 27. Ne6 Rd6 28. Nc5 Rxc5 29. bxc5 Qxc5+ 30. Qe3 d4 31. Qf2 Qxa3 32. Red1 Nc8 33. Qf3 Qc5 34. Kh1 b4 35. Qb3+ Kf8 36. Rb1 a5 37. Ra1 Ra6 38. Ra2 Nb6 39. Rb1 Nc4 40. Qd3 Nb6 41. Qb3 1/2-1/2

[Event "GER-chT Lands U20"]
[Site "Hannover"]
[Date "2015.10.07"]
[Round "7.7"]
[White "Lamottke, Svenja"]
[Black "Kracht, Raphael"]
[Result "1-0"]
[WhiteElo "1434"]
[BlackElo "1532"]
[PlyCount "61"]
[EventDate "2015.10.03"]
[EventType "team-swiss"]
[EventRounds "7"]
[EventCountry "GER"]
[SourceTitle "CBM 168 Extra"]
[Source "ChessBase"]
[SourceDate "2015.10.29"]
[SourceVersion "1"]
[SourceVersionDate "2015.10.29"]
[SourceQuality "1"]
[WhiteTeam "Niedersachsen (U20) II"]
[BlackTeam "Nordrhein Westfalen (U20)"]
[WhiteTeamCountry "GER"]
[BlackTeamCountry "GER"]

1. e4 e5 2. Nf3 Nc6 3. Bb5 a6 4. Ba4 Nf6 5. 0-0 b5 6. Bb3 Be7 7. d4 Nxd4 8. Nxd4 exd4 9. e5 Ne4 10. Qf3 f5 11. exf6 Nxf6 12. Qxa8 d5 13. Bg5 d3 14. cxd3 c5 15. Nd2 c4 16. Bc2 0-0 17. dxc4 bxc4 18. Qa7 Bd6 19. Qd4 Bb7 20. Rfe1 Qd7 21. Bxf6 Rxf6 22. Nf3 h6 23. Qe3 Kf8 24. Ne5 Bxe5 25. Qxe5 d4 26. Qc5+ Rd6 27. Qxc4 d3 28. Rad1 dxc2 29. Qf4+ Rf6 30. Qb4+ Kg8 31. Rxd7 1-0

[Event "GER-chT Lands U20"]
[Site "Hannover"]
[Date "2015.10.04"]
[Round "2.7"]
[White "Lamottke, Svenja"]
[Black "Christiansen, Anna"]
[Result "1/2-1/2"]
[WhiteElo "1434"]
[BlackElo "1558"]
[PlyCount "113"]
[EventDate "2015.10.03"]
[EventType "team-swiss"]
[EventRounds "7"]
[EventCountry "GER"]
[SourceTitle "CBM 168 Extra"]
[Source "ChessBase"]
[SourceDate "2015.10.29"]
[SourceVersion "1"]
[SourceVersionDate "2015.10.29"]
[SourceQuality "1"]
[WhiteTeam "Niedersachsen (U20) II"]
[BlackTeam "Hamburg (U20)"]
[WhiteTeamCountry "GER"]
[BlackTeamCountry "GER"]

1. e4 e5 2. Nf3 Nc6 3. d4 exd4 4. Nxd4 Bc5 5. Be3 Qf6 6. c3 Nge7 7. Be2 Bb6 8. Qd2 0-0 9. 0-0 Ng6 10. Na3 Re8 11. f3 h6 12. Kh1 Kh7 13. Nc4 Bxd4 14. cxd4 d6 15. Rac1 Nd8 16. Bf2 Ne6 17. d5 Nef4 18. Na5 Re7 19. Rc2 Nxe2 20. Qxe2 b6 21. Nc6 Rd7 22. Rfc1 a5 23. Nd4 Ba6 24. Qd2 Rc8 25. Nf5 Ne5 26. Bd4 Qg6 27. b3 Qh5 28. Bxb6 cxb6 29. Rxc8 Bxc8 30. Rxc8 g6 31. Ng3 Qh4 32. Rb8 Qe7 33. Rxb6 Ra7 34. Qe2 Qc7 35. Rb5 a4 36. h3 axb3 37. Rxb3 Ra8 38. Rb2 Kg7 39. Qd2 Qe7 40. Qc3 Kh7 41. Kg1 Ra6 42. f4 Qa7+ 43. Kh2 Nd7 44. Qc2 h5 45. Ne2 Rb6 46. Ng1 Rxb2 47. Qxb2 f6 48. Nf3 Kg7 49. e5 dxe5 50. fxe5 fxe5 51. Kh1 Kf6 52. Qc2 Qa6 53. g3 Qf1+ 54. Kh2 Qxf3 55. Qc6+ Kg5 56. Qxd7 Qf2+ 57. Kh1 1/2-1/2

[Event "Niedersachsen-ch op-B"]
[Site "Verden"]
[Date "2015.01.04"]
[Round "5"]
[White "Luecke, Kristina"]
[Black "Lamottke, Svenja"]
[Result "0-1"]
[WhiteElo "1204"]
[BlackElo "1349"]
[PlyCount "45"]
[EventDate "2015.01.02"]
[EventType "swiss"]
[EventRounds "7"]
[EventCountry "GER"]
[SourceTitle "EXT 2018"]
[Source "ChessBase"]
[SourceDate "2017.10.13"]
[SourceVersion "1"]
[SourceVersionDate "2017.10.13"]
[SourceQuality "1"]

1. e4 e5 2. Nf3 Nc6 3. Bb5 Nf6 4. 0-0 d6 5. c3 a6 6. Ba4 Be7 7. Re1 0-0 8. h3 b5 9. Bc2 d5 10. d4 dxe4 11. Nxe5 Bb7 12. Ng4 Nxg4 13. Qxg4 f5 14. Qe2 Kh8 15. Bf4 Bd6 16. Bxd6 Qxd6 17. f3 exf3 18. Qxf3 Qg6 19. d5 Na5 20. Rf1 Rad8 21. g4 Bxd5 22. Bxf5 Bxf3 23. Bxg6 0-1

[Event "Niedersachsen-ch op-B"]
[Site "Verden"]
[Date "2015.01.03"]
[Round "4"]
[White "Lamottke, Svenja"]
[Black "Zweigait, Bjoern"]
[Result "0-1"]
[WhiteElo "1349"]
[BlackElo "1532"]
[PlyCount "68"]
[EventDate "2015.01.02"]
[EventType "swiss"]
[EventRounds "7"]
[EventCountry "GER"]
[SourceTitle "EXT 2018"]
[Source "ChessBase"]
[SourceDate "2017.10.13"]
[SourceVersion "1"]
[SourceVersionDate "2017.10.13"]
[SourceQuality "1"]

1. e4 c5 2. Nf3 Nc6 3. d4 cxd4 4. Nxd4 e5 5. Nf3 Nf6 6. Bd3 Bc5 7. Nc3 d6 8. 0-0 a6 9. Bd2 Bg4 10. Be2 0-0 11. Kh1 b6 12. Ng1 Bxe2 13. Qxe2 Nd4 14. Qd3 Nc6 15. Bg5 Nb4 16. Qg3 Nxc2 17. Rac1 Nd4 18. Nd5 Nxe4 19. Bxd8 Nxg3+ 20. hxg3 Rfxd8 21. Rc3 a5 22. b3 f5 23. Nf3 Nxf3 24. Rxf3 g6 25. Rd3 Kg7 26. f3 Rac8 27. Re1 Bd4 28. f4 Rc5 29. Ne3 Bxe3 30. Rexe3 e4 31. Rd2 d5 32. Re1 d4 33. Kg1 d3 34. Kf2 Rdc8 0-1

[Event "Niedersachsen-ch U16/18 Girls"]
[Site "Norderney"]
[Date "2014.04.17"]
[Round "8"]
[White "Baghdasaryan, Ani"]
[Black "Lamottke, Svenja"]
[Result "1-0"]
[WhiteElo "1436"]
[BlackElo "1281"]
[PlyCount "59"]
[EventDate "2014.04.??"]
[EventType "tourn"]
[EventRounds "9"]
[EventCountry "GER"]
[SourceTitle "EXT 2017"]
[Source "ChessBase"]
[SourceDate "2016.10.25"]
[SourceVersion "1"]
[SourceVersionDate "2016.10.25"]
[SourceQuality "1"]

1. d4 d5 2. c4 e6 3. Nc3 Nf6 4. Bg5 Nbd7 5. e3 c6 6. cxd5 cxd5 7. Nf3 Be7 8. Bd3 0-0 9. Qc2 h6 10. Bh4 Re8 11. h3 Nf8 12. g4 N6h7 13. Bxe7 Qxe7 14. h4 g6 15. 0-0-0 a6 16. Ne5 Bd7 17. Nxd7 Qxd7 18. Kb1 b5 19. f4 b4 20. Na4 Reb8 21. Nc5 Qc6 22. h5 g5 23. fxg5 Nxg5 24. Rdf1 Nfh7 25. Bxh7+ Nxh7 26. Rxf7 Kxf7 27. Qxh7+ Ke8 28. Qg8+ Ke7 29. Qg7+ Kd8 30. Rf1 1-0

[Event "Niedersachsen-ch U16/18 Girls"]
[Site "Norderney"]
[Date "2014.04.16"]
[Round "7"]
[White "Lamottke, Svenja"]
[Black "Edel, Fenja"]
[Result "1/2-1/2"]
[WhiteElo "1281"]
[BlackElo "1597"]
[PlyCount "67"]
[EventDate "2014.04.??"]
[EventType "tourn"]
[EventRounds "9"]
[EventCountry "GER"]
[SourceTitle "EXT 2017"]
[Source "ChessBase"]
[SourceDate "2016.10.25"]
[SourceVersion "1"]
[SourceVersionDate "2016.10.25"]
[SourceQuality "1"]

1. e4 e6 2. d4 d5 3. Bd3 Nf6 4. e5 Nfd7 5. Nf3 c5 6. c3 Nc6 7. 0-0 c4 8. Bc2 Be7 9. Bf4 f6 10. Re1 0-0 11. Bg3 Re8 12. Nbd2 b5 13. a3 Nf8 14. Nf1 Bd7 15. Ne3 fxe5 16. Nxe5 Nxe5 17. Bxe5 Bf6 18. Ng4 Bxe5 19. Nxe5 a5 20. Qh5 Qe7 21. Re3 Reb8 22. Rh3 h6 23. Nxd7 Qxd7 24. Re1 b4 25. axb4 axb4 26. Rg3 Kh8 27. Qe5 bxc3 28. bxc3 Rb2 29. Bd1 Rb1 30. Bh5 Raa1 31. Rge3 Rxe1+ 32. Rxe1 Rxe1+ 33. Qxe1 Qe7 34. Bg4 1/2-1/2

[Event "Niedersachsen-ch U16/18 Girls"]
[Site "Norderney"]
[Date "2014.04.15"]
[Round "6"]
[White "Balazs, Kata"]
[Black "Lamottke, Svenja"]
[Result "1-0"]
[WhiteElo "1571"]
[BlackElo "1281"]
[PlyCount "49"]
[EventDate "2014.04.??"]
[EventType "tourn"]
[EventRounds "9"]
[EventCountry "GER"]
[SourceTitle "EXT 2017"]
[Source "ChessBase"]
[SourceDate "2016.10.25"]
[SourceVersion "1"]
[SourceVersionDate "2016.10.25"]
[SourceQuality "1"]

1. d4 d5 2. c4 e6 3. Nc3 Nf6 4. Bg5 Nbd7 5. Nf3 c6 6. e3 Be7 7. Bd3 0-0 8. 0-0 dxc4 9. Bxc4 b5 10. Bd3 Bb7 11. Rc1 a6 12. a3 c5 13. dxc5 Nxc5 14. Be2 Rc8 15. Nd2 Re8 16. Bf3 Nd5 17. Bxe7 Rxe7 18. Nxd5 Bxd5 19. Bxd5 Qxd5 20. b4 Rd7 21. Rc2 Rcd8 22. bxc5 Qd3 23. Qc1 Rd5 24. Nf3 Rf5 25. Rd2 1-0

[Event "Niedersachsen-ch U16/18 Girls"]
[Site "Norderney"]
[Date "2014.04.14"]
[Round "5"]
[White "Lamottke, Svenja"]
[Black "Malcharczyk, Lea"]
[Result "1-0"]
[WhiteElo "1281"]
[BlackElo "809"]
[PlyCount "63"]
[EventDate "2014.04.??"]
[EventType "tourn"]
[EventRounds "9"]
[EventCountry "GER"]
[SourceTitle "EXT 2017"]
[Source "ChessBase"]
[SourceDate "2016.10.25"]
[SourceVersion "1"]
[SourceVersionDate "2016.10.25"]
[SourceQuality "1"]

1. e4 e5 2. Nf3 Nc6 3. Bc4 Nf6 4. Nc3 Bc5 5. d3 h6 6. Be3 d6 7. Bxc5 dxc5 8. h3 Nd4 9. Nxe5 0-0 10. Ne2 Be6 11. Bxe6 Nxe6 12. Ng3 Nf4 13. 0-0 Qd4 14. Nc4 b5 15. c3 Qxd3 16. Ne3 Rad8 17. Qf3 Ne6 18. Rad1 Ng5 19. Qf5 Rd5 20. exd5 Qxf5 21. Nexf5 a6 22. d6 cxd6 23. Rxd6 Ra8 24. Rfd1 Kf8 25. Rd8+ Rxd8 26. Rxd8+ Ne8 27. Ra8 Ne6 28. Ne4 N6c7 29. Rc8 c4 30. Ned6 g6 31. Nxe8 Nxe8 32. Nd6 1-0

[Event "Niedersachsen-ch U16/18 Girls"]
[Site "Norderney"]
[Date "2014.04.13"]
[Round "4"]
[White "Giesemann, Sarah"]
[Black "Lamottke, Svenja"]
[Result "0-1"]
[WhiteElo "860"]
[BlackElo "1281"]
[PlyCount "110"]
[EventDate "2014.04.??"]
[EventType "tourn"]
[EventRounds "9"]
[EventCountry "GER"]
[SourceTitle "EXT 2017"]
[Source "ChessBase"]
[SourceDate "2016.10.25"]
[SourceVersion "1"]
[SourceVersionDate "2016.10.25"]
[SourceQuality "1"]

1. e4 e5 2. Nf3 Nc6 3. Bc4 Bc5 4. d3 Nf6 5. Nc3 d6 6. h3 Be6 7. Nd5 Nb4 8. Bg5 Nbxd5 9. exd5 Bd7 10. d4 Bxd4 11. Nxd4 exd4 12. Qxd4 Qe7+ 13. Be3 0-0 14. 0-0 Ne4 15. Rfe1 f5 16. Bd2 Qf7 17. Bf4 Qg6 18. Bd3 Nf6 19. Re7 b6 20. b4 Rae8 21. Rae1 Rxe7 22. Rxe7 Re8 23. Rxe8+ Qxe8 24. c4 Qe1+ 25. Kh2 Qxb4 26. Bh6 Kf7 27. Bc1 c5 28. dxc6 Bxc6 29. Bxf5 d5 30. a3 Qxc4 31. Qxc4 dxc4 32. Bd2 g6 33. Bc8 Ne4 34. Be3 c3 35. f3 Nc5 36. g4 c2 37. f4 Nb3 38. Ba6 Ke7 39. Bd3 c1Q 40. Bxc1 Nxc1 41. Bc2 Kf6 42. Kg3 h6 43. Kh4 g5+ 44. fxg5+ hxg5+ 45. Kh5 Ne2 46. Bg6 Nf4+ 47. Kh6 Nxg6 48. Kh7 Nf4 49. Kh6 Nxh3 50. Kh5 Nf4+ 51. Kh6 Bd7 52. Kh7 Bxg4 53. Kh6 Bd1 54. Kh7 g4 55. Kh6 g3 0-1

[Event "Niedersachsen-ch U16/18 Girls"]
[Site "Norderney"]
[Date "2014.04.12"]
[Round "1"]
[White "Nguyen, Thu Ha1111"]
[Black "Lamottke, Svenja"]
[Result "1/2-1/2"]
[WhiteElo "1284"]
[BlackElo "1281"]
[PlyCount "65"]
[EventDate "2014.04.??"]
[EventType "tourn"]
[EventRounds "9"]
[EventCountry "GER"]
[SourceTitle "EXT 2017"]
[Source "ChessBase"]
[SourceDate "2016.10.25"]
[SourceVersion "1"]
[SourceVersionDate "2016.10.25"]
[SourceQuality "1"]

1. e4 e5 2. Nf3 Nc6 3. Bb5 Bd6 4. Nc3 Nf6 5. 0-0 a6 6. Ba4 b5 7. Bb3 Bb7 8. Ng5 0-0 9. d3 Nd4 10. Ne2 Nxb3 11. axb3 Be7 12. Be3 d5 13. Nf3 Qd6 14. exd5 Nxd5 15. Bd2 Nf6 16. Ng3 e4 17. Nf5 Qd7 18. Nxe7+ Qxe7 19. dxe4 Bxe4 20. Re1 Qd6 21. Ng5 Bb7 22. Ba5 Qc6 23. Nf3 Rad8 24. Qc1 Rfe8 25. Rxe8+ Rxe8 26. Bc3 Ng4 27. Qg5 Qg6 28. Qxg6 hxg6 29. Re1 Rd8 30. Ne5 Nxe5 31. Bxe5 Re8 32. f4 b4 33. Rd1 1/2-1/2

[Event "Niedersachsen-ch U18 Girls"]
[Site "Rotenburg"]
[Date "2013.03.27"]
[Round "7"]
[White "Boschen, Katharina"]
[Black "Lamottke, Svenja"]
[Result "1-0"]
[WhiteElo "900"]
[BlackElo "1106"]
[PlyCount "91"]
[EventDate "2013.03.23"]
[EventType "swiss"]
[EventRounds "9"]
[EventCountry "GER"]
[SourceTitle "EXT 2015"]
[Source "ChessBase"]
[SourceDate "2014.11.20"]
[SourceVersion "1"]
[SourceVersionDate "2014.11.20"]
[SourceQuality "1"]

1. e4 e5 2. Nf3 Nc6 3. d4 exd4 4. Bc4 Bc5 5. c3 Na5 6. b4 Nxc4 7. bxc5 f6 8. cxd4 Na5 9. 0-0 Ne7 10. Nc3 b6 11. Ba3 0-0 12. Re1 Re8 13. d5 Ng6 14. d6 c6 15. Nd5 Rf8 16. e5 Kh8 17. Nc3 Nc4 18. Bc1 Ncxe5 19. Nxe5 Nxe5 20. Be3 Ng6 21. Bd4 f5 22. Re3 b5 23. Qh5 Qh4 24. Qxh4 Nxh4 25. Rae1 Ba6 26. Re7 Rg8 27. Rxd7 Ng6 28. Rc7 b4 29. Rxc6 Bb7 30. Rc7 bxc3 31. Rxb7 c2 32. Rc1 Rab8 33. c6 Nf4 34. Rxc2 Ne6 35. Bxa7 Rbe8 36. g3 f4 37. Kg2 Rgf8 38. f3 fxg3 39. hxg3 Ng5 40. f4 Ne6 41. Bc5 Nxc5 42. Rxc5 Re2+ 43. Kf3 Rd2 44. c7 Rxd6 45. c8Q Kg8 46. Qxf8+ 1-0

[Event "Niedersachsen-ch U18 Girls"]
[Site "Rotenburg"]
[Date "2013.03.26"]
[Round "5"]
[White "Veelders, Sarah"]
[Black "Lamottke, Svenja"]
[Result "0-1"]
[WhiteElo "1178"]
[BlackElo "1106"]
[PlyCount "82"]
[EventDate "2013.03.23"]
[EventType "swiss"]
[EventRounds "9"]
[EventCountry "GER"]
[SourceTitle "EXT 2015"]
[Source "ChessBase"]
[SourceDate "2014.11.20"]
[SourceVersion "1"]
[SourceVersionDate "2014.11.20"]
[SourceQuality "1"]

1. e4 e5 2. Nf3 Nc6 3. d4 exd4 4. Nxd4 Bc5 5. Be3 Bb6 6. Bc4 Nf6 7. Nc3 d6 8. a3 Ne5 9. Be2 Bd7 10. h3 Qe7 11. 0-0 c6 12. f4 Ng6 13. Qd2 Nxe4 14. Nxe4 Qxe4 15. Bd3 Qe7 16. Rae1 0-0-0 17. Nf5 Bxe3+ 18. Rxe3 Qf6 19. Ng3 Qxb2 20. Bc4 d5 21. Rb3 Qf6 22. Qb4 Qd4+ 23. Kh1 Qb6 24. Qxb6 axb6 25. Bd3 b5 26. Nf5 Bxf5 27. Bxf5+ Kc7 28. Rg3 Ne7 29. Bd3 g6 30. f5 Rhf8 31. fxg6 hxg6 32. Re3 Rde8 33. Rfe1 Kd6 34. Kg1 Kd7 35. c3 f5 36. Bc2 Nc8 37. Rxe8 Rxe8 38. Rb1 Kc7 39. Kf2 Nd6 40. Kf3 Ne4 41. Rb3 Nd2+ 0-1

[Event "Niedersachsen-ch U18 Girls"]
[Site "Rotenburg"]
[Date "2012.04.04"]
[Round "6"]
[White "Lamottke, Svenja"]
[Black "Luecke, Kristina"]
[Result "1-0"]
[WhiteElo "1164"]
[BlackElo "873"]
[PlyCount "77"]
[EventDate "2012.03.31"]
[EventType "swiss"]
[EventRounds "9"]
[EventCountry "GER"]
[SourceTitle "EXT 2015"]
[Source "ChessBase"]
[SourceDate "2014.11.20"]
[SourceVersion "1"]
[SourceVersionDate "2014.11.20"]
[SourceQuality "1"]

1. e4 e5 2. Nf3 Nc6 3. Bc4 Bc5 4. c3 Nf6 5. d4 d5 6. exd5 Nxd5 7. dxc5 Nf6 8. Qxd8+ Nxd8 9. 0-0 0-0 10. Nxe5 Be6 11. Bf4 Bxc4 12. Nxc4 Ne6 13. Be3 Ne4 14. b4 b6 15. cxb6 cxb6 16. f3 Rac8 17. Nxb6 axb6 18. fxe4 Rc4 19. Bxb6 Rxe4 20. Nd2 Re2 21. Be3 Rxe3 22. c4 Re2 23. Nf3 Rb8 24. Rfb1 Nf4 25. a4 Nd3 26. b5 Rc8 27. b6 Nb2 28. Ra2 Rxc4 29. Raxb2 Re8 30. b7 Rb8 31. a5 Ra4 32. Rc1 h6 33. Rc8+ Rxc8 34. bxc8Q+ Kh7 35. Qc2+ g6 36. Qxa4 g5 37. Qd7 Kg7 38. Rb7 Kg6 39. Qxf7# 1-0

[Event "GER-ch U12"]
[Site "Oberhof"]
[Date "2010.05.28"]
[Round "10"]
[White "Holle, Niklas"]
[Black "Lamottke, Svenja"]
[Result "0-1"]
[WhiteElo "1024"]
[BlackElo "963"]
[PlyCount "96"]
[EventDate "2010.05.22"]
[EventType "swiss"]
[EventRounds "11"]
[EventCountry "GER"]
[SourceTitle "CBM 136 Extra"]
[Source "ChessBase"]
[SourceDate "2010.07.02"]
[SourceVersion "2"]
[SourceVersionDate "2010.07.15"]
[SourceQuality "1"]

1. e4 e5 2. Nf3 Nc6 3. d4 exd4 4. Nxd4 Bc5 5. Be3 Nf6 6. Nxc6 bxc6 7. Bxc5 d6 8. Be3 Be6 9. Nc3 0-0 10. Bd3 Rb8 11. f4 Re8 12. h3 Re7 13. g4 d5 14. Bd2 dxe4 15. Nxe4 Bd5 16. 0-0 Nxe4 17. g5 Nxd2 18. Qxd2 Qd6 19. Qf2 Be4 20. Bxe4 Rxe4 21. Rad1 Qg6 22. Qd2 h6 23. Qa5 Rbe8 24. Qxc7 hxg5 25. f5 Qh5 26. Rd8 Qxh3 27. Rxe8+ Rxe8 28. Qxc6 Re2 29. Qa8+ Kh7 30. Qh1 Qxh1+ 31. Kxh1 Rxc2 32. Rb1 Rf2 33. Kg1 Rxf5 34. Rf1 Ra5 35. a3 Kg6 36. Rf3 f5 37. b4 Rd5 38. Rc3 g4 39. Rc6+ Kh7 40. Rc7 a5 41. bxa5 Rxa5 42. Rc3 Kg6 43. Kg2 Kg5 44. Kg3 f4+ 45. Kg2 Kh4 46. Kh2 g3+ 47. Kg2 g5 48. Rf3 Rc5 0-1

[Event "GER-ch U12"]
[Site "Oberhof"]
[Date "2010.05.27"]
[Round "8"]
[White "Silber, Stefanie"]
[Black "Lamottke, Svenja"]
[Result "1-0"]
[WhiteElo "847"]
[BlackElo "963"]
[PlyCount "105"]
[EventDate "2010.05.22"]
[EventType "swiss"]
[EventRounds "11"]
[EventCountry "GER"]
[SourceTitle "CBM 136 Extra"]
[Source "ChessBase"]
[SourceDate "2010.07.02"]
[SourceVersion "2"]
[SourceVersionDate "2010.07.15"]
[SourceQuality "1"]

1. e4 e5 2. Nf3 Nc6 3. d4 exd4 4. Nxd4 Nf6 5. Nxc6 bxc6 6. Nd2 Bc5 7. Bd3 Qe7 8. 0-0 0-0 9. Re1 d6 10. h3 Rb8 11. c3 a5 12. Qa4 Ra8 13. b4 Bb6 14. Bb2 Bd7 15. b5 cxb5 16. Bxb5 Bxb5 17. Qxb5 Rab8 18. Qe2 Bxf2+ 19. Qxf2 Rxb2 20. Qe3 c5 21. Reb1 Rbb8 22. Rxb8 Rxb8 23. Re1 h6 24. c4 Nd7 25. Qd3 f5 26. Kf1 fxe4 27. Rxe4 Rf8+ 28. Kg1 Qf6 29. Qd5+ Kh7 30. Qd3 Qa1+ 31. Kh2 Kh8 32. Qxd6 Rd8 33. Qe7 Qf6 34. Qxf6 Nxf6 35. Re2 Kh7 36. Kg3 Kg6 37. Nb3 Rd3+ 38. Kf2 Kf5 39. Nxc5 Rc3 40. g4+ Kg5 41. Ne6+ Kg6 42. c5 Rc4 43. Kf3 Rc3+ 44. Kf4 Rxh3 45. Rc2 Rd3 46. c6 Rd6 47. Ke5 Rd5+ 48. Kf4 Rd1 49. Rc5 Rf1+ 50. Ke5 Nxg4+ 51. Kd6 Nf6 52. Ke7 Rd1 53. Nf8# 1-0

[Event "GER-ch U12"]
[Site "Oberhof"]
[Date "2010.05.25"]
[Round "5"]
[White "Lamottke, Svenja"]
[Black "Wanner, Lukas"]
[Result "1/2-1/2"]
[WhiteElo "963"]
[BlackElo "1309"]
[PlyCount "139"]
[EventDate "2010.05.22"]
[EventType "swiss"]
[EventRounds "11"]
[EventCountry "GER"]
[SourceTitle "CBM 136 Extra"]
[Source "ChessBase"]
[SourceDate "2010.07.02"]
[SourceVersion "2"]
[SourceVersionDate "2010.07.15"]
[SourceQuality "1"]

1. e4 c5 2. Nf3 d6 3. Nc3 Nc6 4. Bc4 Nf6 5. d3 e6 6. Bg5 Be7 7. 0-0 0-0 8. Re1 Qc7 9. d4 cxd4 10. Nxd4 a6 11. Nf3 b5 12. Bd3 Bb7 13. Qd2 Rac8 14. Rad1 Rfd8 15. Qe2 Nb4 16. a3 Nxd3 17. cxd3 h6 18. Bh4 Re8 19. d4 Qc4 20. Qxc4 Rxc4 21. e5 Bxf3 22. gxf3 dxe5 23. Bxf6 gxf6 24. dxe5 fxe5 25. Rxe5 Bf6 26. Re3 Bxc3 27. Rxc3 Rxc3 28. bxc3 Rc8 29. Rd3 Rc4 30. Kg2 Ra4 31. Kg3 Rxa3 32. Kg4 Ra2 33. Rd6 a5 34. Kh5 Rxf2 35. Kxh6 Rxh2+ 36. Kg5 Kg7 37. Rb6 Rb2 38. c4 a4 39. Rxb5 a3 40. Ra5 a2 41. c5 Rc2 42. Kf4 Rxc5 43. Rxa2 Kf6 44. Ke3 Rc4 45. Kd3 Rb4 46. Ra7 Kg6 47. Ra6 Kf5 48. Ra7 f6 49. Ke3 Rb3+ 50. Kf2 e5 51. Ra6 Kg5 52. Ra5 Rd3 53. Ke2 Rd4 54. Ke3 Kf5 55. Rb5 Ke6 56. Rb6+ Kf5 57. Rb5 Ra4 58. Rc5 Ra3+ 59. Ke2 Kf4 60. Rc4+ Kg3 61. Rg4+ Kh3 62. Kf2 Ra2+ 63. Ke3 Ra3+ 64. Kf2 Ra2+ 65. Ke3 Rg2 66. Rxg2 Kxg2 67. f4 Kg3 68. fxe5 fxe5 69. Ke4 Kg4 70. Kxe5 1/2-1/2

[Event "GER-ch U12"]
[Site "Oberhof"]
[Date "2010.05.24"]
[Round "4"]
[White "Azizova, Laura"]
[Black "Lamottke, Svenja"]
[Result "1/2-1/2"]
[WhiteElo "1078"]
[BlackElo "963"]
[PlyCount "57"]
[EventDate "2010.05.22"]
[EventType "swiss"]
[EventRounds "11"]
[EventCountry "GER"]
[SourceTitle "CBM 136 Extra"]
[Source "ChessBase"]
[SourceDate "2010.07.02"]
[SourceVersion "2"]
[SourceVersionDate "2010.07.15"]
[SourceQuality "1"]

1. e4 e5 2. d4 exd4 3. Qxd4 Nc6 4. Qe3 Bb4+ 5. Nc3 Nf6 6. Bd2 d6 7. 0-0-0 0-0 8. f3 a5 9. a4 Bd7 10. g4 Bxc3 11. Bxc3 Nb4 12. Bxb4 axb4 13. b3 b5 14. Rd4 bxa4 15. Rxb4 a3 16. Kb1 a2+ 17. Ka1 Qe7 18. Ne2 c5 19. Rc4 Bb5 20. Rc3 Rfb8 21. Nc1 Qc7 22. Bxb5 Rxb5 23. Rc4 d5 24. exd5 Nxd5 25. Qe4 Qd6 26. Rd1 Qf6+ 27. c3 Nc7 28. Nxa2 Rxb3 29. Qc2 1/2-1/2

[Event "Niedersachsen-chT U12"]
[Site "Verden an der Aller"]
[Date "2009.05.21"]
[Round "1.1"]
[White "Lamottke, Svenja"]
[Black "Neumair, Dorian"]
[Result "0-1"]
[WhiteElo "810"]
[BlackElo "1196"]
[PlyCount "116"]
[EventDate "2009.05.21"]
[EventType "team-tourn"]
[EventRounds "7"]
[EventCountry "GER"]
[SourceTitle "EXT 2010"]
[Source "ChessBase"]
[SourceDate "2010.11.25"]
[SourceVersion "1"]
[SourceVersionDate "2010.11.25"]
[SourceQuality "1"]
[WhiteTeam "Braunschweig"]
[BlackTeam "Hannover Polizei"]
[WhiteTeamCountry "GER"]
[BlackTeamCountry "GER"]

1. e4 e5 2. Nf3 Nf6 3. Nc3 Nc6 4. Bc4 Nxe4 5. Nxe4 d5 6. Bd3 dxe4 7. Bxe4 Nd4 8. c3 Nb5 9. d4 Bg4 10. Be3 Nd6 11. Bd5 e4 12. h3 exf3 13. gxf3 Bf5 14. Qd2 Be7 15. Bf4 c6 16. Bxd6 Qxd6 17. Be4 Bg6 18. 0-0-0 h6 19. Qd3 Qf4+ 20. Kc2 f5 21. Bxc6+ bxc6 22. Qc4 Qd6 23. Rhg1 f4+ 24. Kd2 Rb8 25. Rde1 Rxb2+ 26. Kc1 Rc2+ 27. Kd1 Kd7 28. Qa4 Qa3 29. Qxa3 Bxa3 30. Rxg6 Rc1+ 31. Kd2 Rxe1 32. Kxe1 Re8+ 33. Kd2 Re7 34. Rg4 Bd6 35. c4 c5 36. dxc5 Bxc5 37. Rxf4 Bxf2 38. Rf5 a5 39. Rxa5 Be1+ 40. Kc2 Bxa5 41. f4 Re2+ 42. Kd3 Rxa2 43. Ke4 Rh2 44. Kf5 Rxh3 45. Kg6 Bc3 46. c5 Kc6 47. f5 Rf3 48. Kh7 Rxf5 49. Kg6 Rg5+ 50. Kh7 h5 51. Kg8 h4 52. Kf7 h3 53. Ke6 h2 54. Kf7 h1Q 55. Ke6 Qe4+ 56. Kf7 Rf5+ 57. Kg8 Qe8+ 58. Kh7 Rh5# 0-1

[Event "Niedersachsen-ch Girls"]
[Site "Rotenburg"]
[Date "2009.04.10"]
[Round "9"]
[White "Grigorian, Satenik"]
[Black "Lamottke, Svenja"]
[Result "1-0"]
[WhiteElo "998"]
[BlackElo "767"]
[PlyCount "28"]
[EventDate "2009.04.04"]
[EventType "swiss"]
[EventRounds "9"]
[EventCountry "GER"]
[SourceTitle "EXT 2010"]
[Source "ChessBase"]
[SourceDate "2010.11.25"]
[SourceVersion "1"]
[SourceVersionDate "2010.11.25"]
[SourceQuality "1"]

1. e4 e5 2. Nf3 Nc6 3. Bc4 Nf6 4. d4 exd4 5. e5 Ne4 6. 0-0 Bc5 7. Re1 f5 8. exf6 d5 9. fxg7 Rg8 10. Bh6 d3 11. Rxe4+ dxe4 12. Bxg8 Bg4 13. Bxh7 Be3 14. Ng5 Qe7 1-0